LEADER 00961nam0 22002531i 450 001 UON00127723 005 20231205102743.457 100 $a20020107d1950 |0itac50 ba 101 $ahun 102 $aHU 105 $a|||| 1|||| 200 1 $aA szarmatakor emlekei Magyarorszagon III$fMihaly Parducz 210 $aBudapest$cAkademiai Kiado$d1950 215 $a259 p., c. di tav.$cill.$d35 cm 620 $aHU$dBudapest$3UONL000090 686 $aPE IV$cPAESI EXTRAASIATICI - STORIA$2A 700 1$aPARDUCZ$bMihaly$3UONV025845$0219481 712 $aAkadémiai Kiadó$3UONV245960$4650 801 $aIT$bSOL$c20240220$gRICA 899 $aSIBA - SISTEMA BIBLIOTECARIO DI ATENEO$2UONSI 912 $aUON00127723 950 $aSIBA - SISTEMA BIBLIOTECARIO DI ATENEO$dSI PE IV 017 $eSI SA 51154 5 017 996 $aA szarmatakor emlekei Magyarorszagon III$91318509 997 $aUNIOR